000 00583nam a2200205Ia 4500
005 20260429112012.0
008 260429s9999||||xx |||||||||||||| ||und||
020 _a9781032595771
041 _aEnglish
082 _a375
_bPOE
100 _aPoetter, Thomas S.
245 0 _aCurriculum fragments :
_ba currere journey through life processes /
_cThomas S. Poetter
250 _a1st ed.
260 _aNew Delhi :
_bRoutledge,
_c2025.
300 _axviii, 167 p.; hb
650 _a Educational theory
650 _a Life processes
650 _aCurriculum studies
942 _cTB
999 _c51832
_d51832